000 00508nam a2200193Ia 4500
008 131103s9999 xx 000 0 und d
020 _a417055005
040 _aLoreto College
041 _aEnglish
082 _a791.4/LEV/791.4/ZOR
_bLCLIB/27997
100 _aLevy,Alan
245 _aForever Sophia
_b an intimate portrait
_cAlan Levy
260 _aLondon
_bMagnum Books
_c1979
300 _axii,228 p.
_b ill.
_c 20 cm.
650 _aFilm
651 _aMotion Picture
850 _aLCLIB
942 _cBK
999 _c7230
_d57709